| 000 | 00811nam a22001697a 4500 | ||
|---|---|---|---|
| 999 |
_c62753 _d62753 |
||
| 005 | 20250207103440.0 | ||
| 008 | 250207r2012 ge ||||| |||| 00| 0 geo d | ||
| 022 | _a2233-3258 | ||
| 041 | _ageo | ||
| 245 |
_aზღვაური : _bლიტერატურული ალმანახი / _cდამფუძნებელი ბათუმის მოსწავლე–ახალგაზრდობის სასახლე ; მთვარი რედაქტორი ბელა ქებურია. |
||
| 260 |
_aბათუმი, _c2012. |
||
| 300 | _aV. | ||
| 653 | _aპერიოდიკა | ||
| 653 | _a ლიტერატურა | ||
| 700 |
_aქებურია, ბელა _eმთავარი რედაქტორი _924274 |
||
| 942 |
_2udc _cCR |
||